000 00698 a2200229 4500
003 OSt
005 20180116182802.0
008 160728b xxu||||| |||| 00| 0 eng d
020 _a003020397X
020 _a9780030203978
040 _c0
082 0 4 _a338.5 DOL 1988
100 1 _aDolan, Edward.
245 1 0 _aMicroeconomics
_cEdward Dolan.
250 _a5th ed.
260 _a[S.l.] :
_bHarcourt School,
_c1988.
300 _a519 p.
_bHB
500 _ahardback.
856 4 0 _3Amazon.com
_uhttp://www.amazon.com/exec/obidos/ASIN/003020397X/chopaconline-20
856 4 0 _3Amazon customer reviews
_uhttp://www.chopac.org/cgi-bin/tools/azrev.pl?q=003020397X
942 _aNBS
_cBK
_k338.5 DOL
_2ddc
999 _c345926
_d345926